000 00410nam a22001697a 4500
005 20160615120808.0
008 160615b xxu||||| |||| 00| 0 eng d
020 _a81-203-0776-3
041 _aeng
082 _b7720
100 _aRandolph, W alan and other
_91971
245 _aEffective project planning and Management
260 _bPHI
_c1999
300 _a157
650 _aManagement
_9241
942 _cBK
999 _c2761
_d2760